000 00357nam a2200145Ia 4500
008 220923s9999 xx 000 0 und d
020 _a9788180387159
082 _bVEN
100 _aVENUGOPAL, KISHAN
245 0 _aRESTATEMENT OF INDIAN LAW LENGISLATIVE PRIVILAGE IN INDIA
260 _c2013
300 _a193
650 _aProperty Law
942 _cBK
999 _c195502
_d195502